Coelurosaurian Theropods ~ Sudden Death - Statistics

General Stats
  • This quiz has been taken 27 times
  • The average score is 10 of 16
Answers on the Grid
Answers color-coded by a green-red scale on the quiz's grid according to % correct below.
Tyrannosaurus
Allosaurus
Coelophysis
Therizinosaurus
Dilophosaurus
Velociraptor
Gallimimus
Ceratosaurus
Archaeopteryx
Spinosaurus
Tarbosaurus
Herrerasaurus
Stenonychosaurus
Megalosaurus
Oviraptor
Deinocheirus
Staurikosaurus
Utahraptor
Baryonyx
Sinosauropteryx
Pendraig
Compsognathus
Albertosaurus
Cryolophosaurus
Mononykus
Eustreptospondylus
Struthiomimus
Irritator
Halszkaraptor
Pteranodon
 
Answer Stats
Answer % Correct
Tyrannosaurus
90%
Deinocheirus
70%
Utahraptor
70%
Albertosaurus
60%
Archaeopteryx
60%
Gallimimus
60%
Halszkaraptor
60%
Sinosauropteryx
60%
Struthiomimus
60%
Tarbosaurus
60%
Therizinosaurus
60%
Velociraptor
60%
Mononykus
50%
Oviraptor
50%
Compsognathus
40%
Stenonychosaurus
40%
No matching quizzes found
Score Distribution
Percent of People with Each Score
Percentile by Number Answered
Your Score History
You have not taken this quiz